How Much of Your Food is Poison: (Record no. 206792)

MARC details
000 -LEADER
fixed length control field 00582nam a2200181 4500
005 - DATE AND TIME OF LATEST TRANSACTION
control field 20241122124609.0
010 ## - LCCN (DPL NO)
LC control number ENG-142465
020 ## - INTERNATIONAL STANDARD BOOK NUMBER
Terms of availability 595.00
International Standard Book Number 9789393734358
035 ## - SYSTEM CONTROL NUMBER
System control number EN-125997
037 ## - SOURCE OF ACQUISITION
Source of stock number/acquisition DBAD
082 ## - DEWEY DECIMAL CLASSIFICATION NUMBER
Classification number 363.1927
100 ## - MAIN ENTRY--PERSONAL NAME
Personal name Ifediba Uche
245 ## - TITLE STATEMENT
Title How Much of Your Food is Poison:
Remainder of title Find Out and Live Longer/
Statement of responsibility, etc By Ifediba Uche
260 ## - PUBLICATION, DISTRIBUTION, ETC. (IMPRINT)
Place of publication, distribution, etc Kolkata
Name of publisher, distributor, etc Execller books
Date of publication, distribution, etc 2022
270 ## - ADDRESS
Address G1, Dream Apartment, Degree College Road, Belgharia
City Kolkata
Postal code 700056
300 ## - PHYSICAL DESCRIPTION
Extent 143p.
Dimensions 21cm(pb)
942 ## - ADDED ENTRY ELEMENTS (KOHA)
Source of classification or shelving scheme Dewey Decimal Classification
Item type English Books
Classification part 363.1927
Call number suffix IFE
Edition 2022
Holdings
Withdrawn status Lost status Not for loan Collection code Home library Current library Date acquired Source of acquisition Cost, normal purchase price Full call number Barcode Copy number Cost, replacement price Koha item type
      Non-fiction Bawana Bawana 28/10/2024 DBAD 595.00 363.1927 IFE EN-125997 1 595.00 English Books

© Delhi Public Library
Hit Counter
free hit counter